| 000 | 00703nam a2200217 a 4500 | ||
|---|---|---|---|
| 005 | 20210223120947.0 | ||
| 008 | 991125s1927 ea 000 0 spa u | ||
| 035 | _aUPN01000009754 | ||
| 049 | _aCE | ||
| 050 | 4 |
_aS21 A6 _bM4.28 |
|
| 100 | 1 | _aMeier, F. C. | |
| 245 | 1 | 0 |
_aCómo se aumentan las ganancias dominando las enfermedades de las plantas / _cF. C. Meier. |
| 260 |
_aWashington, D.C. : _bUnión Panamericana, _c1927. |
||
| 300 | _a17 p. | ||
| 440 | 0 |
_aAgricultura ; _v28 |
|
| 500 | _a"Del Boletín de la Unión Panamericana" | ||
| 500 | _aDisponible en la Colección Medina | ||
| 650 | 4 |
_aAGRICULTURA - _xASPECTOS ECONOMICOS _91846 |
|
| 650 | 4 |
_aPLANTAS - _xENFERMEDADES _91350 |
|
| 905 | _aLibro | ||
| 999 |
_c9754 _d9754 |
||